000
00195nam a2200073Ia 4500
008
170617s9999 xx 000 0 und d
100
_a
Encyclopedia
245
4
_a
The Encyclopedic Atlas of the Human Body
260
_b
Mumbai-Source
999
_c
14807
_d
14807